Представление документа в формате RUSMARC

ПолеНазваниеЗначение
  Тип записи c
  Библиографический уровень m
001 Контрольный номер RU/УОНБ/EK_N/359563345
005 Дата корректировки 20251125162745.8
010 Индекс ISBN __
9 Тираж 6230 экз.
013 Номер (ISMN) __
d Цена 50 к.
071 Издательские номер (звукозапись и ноты) 21
a Номер, присвоенный агентством 7907
100 Данные общей обработки __
a Данные общей обработки 20110522g1987 u y0rusy0189 ca
101 Язык документа 0_
a Язык текста rus
f Язык титульного листа rus
102 Страна публикации __
a Страна публикации RU
105 Кодированные данные (монография) __
a Кодированные данные (монография) y###||||000|y
125 Кодированные данные звукозаписи и нотных изданий __
a Форма изложения нотного текста z|
128 Кодированные данные (звукозаписи-физические характеристики) __
a Кодированные данные: Музыкальная форма и тональность или лад zz
c Инструменты или голоса, рекомендуемые для солистов (устаревшее) tb||
200 Заглавие и сведения об ответственности 1_
a Заглавие Вып. 4
210 Выходные данные 1_
d Дата издания 1987
215 Физическое описание __
a Объем 33 c.
327 Примечание о содержании 11
a Примечание о содержании Содерж. : Свиридов Г. Романс : из муз. иллюстраций к повести А. С. Пушкина "Метель". - Хачатурян К. Марш. - Иванов-Крамской А. Тарантелла. - Непомнящий А. Пьеса. - Панин П. Два этюда-картины. - Максименко В. Две шуточные пьесы : Только Вам ; Ай-ай-ай! - Чайковский П. Апрель : Подснежник : из цикла "Времена года". - Гендель Г. Соната. - Вальдеррабано-Родриго. Павана. - Сен-Санс К. Цыганский танец.
461 Уровень набора _0
1 001RU/УОНБ/EK_N/359396784
1 200
a Гитара в концертном зале
b [Ноты]
e шестиструн. гитара
f сост. В. Максименко
v Вып. 4
1 210
d 1984 -
464 Аналитический уровень _0
1 2001
a Романс
e из муз. иллюстраций к повести А. С. Пушкина "Метель"
1 700 1
a Свиридов
b Г.
1 50010
a Метель
464 Аналитический уровень _0
1 2001
a Марш
1 700 1
a Хачатурян
b К.
464 Аналитический уровень _0
1 2001
a Тарантелла
1 700 1
a Иванов-Крамской
b А.
464 Аналитический уровень _0
1 2001
a Пьеса
1 700 1
a Непомнящий
b А.
464 Аналитический уровень _0
1 2001
a Два этюда-картины
1 700 1
a Панин
b П.
1 50010
a этюды-картины
464 Аналитический уровень _0
1 2001
a Только Вам
1 700 1
a Максименко
b В.
464 Аналитический уровень _0
1 2001
a Соната
1 700 1
a Гендель
b Г.
464 Аналитический уровень _0
1 2001
a Павана
1 700 1
a Вальдеррабано-Родриго
464 Аналитический уровень _0
1 2001
a Цыганский танец
1 700 1
a Сен-Санс
b К.
464 Аналитический уровень _0
1 2001
a Ай-ай-ай!
1 700 1
a Максименко
b В.
464 Аналитический уровень _0
1 2001
a Апрель
e из цикла "Времена года"
1 700 1
a Чайковский
b П.
464 Аналитический уровень _0
1 2001
a Подснежник
e из цикла "Времена года"
1 700 1
a Чайковский
b П.
512 Заглавие обложки 1_
a Заглавие обложки Гитара в концертном зале
606 Тематические рубрики 0_
a Основная рубрика Гитара шестиструнная
x Основная подрубрика Концертные произведения
610 Ключевые слова 0_
a Ключевые слова гитара шестиструнная
610 Ключевые слова 0_
a Ключевые слова концертный репертуар
686 Индексы других классификаций __
a Классификационный индекс 85.956.41я43
2 Код системы rubbk
801 Источник записи _0
a Страна RU
b Организация Ульяновская ОНБ
c Дата составления 20110522
g Правила каталогизации RCR
801 Источник записи _1
a Страна RU
b Организация Ульяновская ОНБ
c Дата составления 20110522
g Правила каталогизации RCR
901 Тип документа __
t Тип документа n
w Контрольный № источника RU/УОНБ/EK_N/359396784
909 Создатель записи __
a Создатель записи Никитина Т. А.
938 Служебная информация __
a Имя БД noti
b Имя библиотеки УОНБ
c Имя АИБС МАРК-SQL
d Номер DOC_ID в БД 8854